Statistics for Words That Rhyme With Be

Click here to take the quiz!

General Stats

  • This quiz has been taken 50 times
  • The average score is 26 of 32

Answer Stats

HintRhyme% Correct
ObserveSee
100%
Male third-person subjectiveHe
100%
A stinging creatureBee
98%
Female third-person subjectiveShe
98%
A cost or a tollFee
95%
It goes with a lockKey
95%
To relieve oneselfPee
95%
Between the foot and the hipKnee
93%
An alternative to coffeeTea
93%
They go in a podPea
93%
To escapeFlee
91%
Willow, oak, or sequoiaTree
91%
An activity on snowy slopesSki
91%
First-person plural subjectiveWe
89%
Place from which one hits a golf ballTee
86%
Little, in ScotlandWee
84%
Smaller than ocean, larger than lakeSea
84%
BegPlea
84%
An expression of happinessGlee
82%
Neuter first-person objectiveMe
82%
Able to do what you wishFree
82%
Second-person objective, archaicallyThee
77%
An irritating insectFlea
77%
Blind mice, musketeers, or amigosThree
75%
Shelter, perhaps from the windLee
73%
Nintendo console (brand name)Wii
70%
Second-person objective, archaicallyYe
64%
Yes, in another languageOui
61%
An expression of shockGee
59%
Binge at a store, or a type of candySpree
55%
Native American tribeCree
41%
Typically prefixed with 'grand'Prix
27%

Score Distribution

Percentile by Number Answered

Percent of People with Each Score

Your Score History

You have not taken this quiz